Psicología médica / (Record no. 87451)

MARC details
000 -LEADER
campo de control de longitud fija 00755nam a2200229 i 4500
001 - NÚMERO DE CONTROL
campo de control 87451
003 - IDENTIFICADOR DE NÚMERO DE CONTROL
campo de control ES-MaACL
005 - FECHA Y HORA DE LA ÚLTIMA TRANSACCIÓN
campo de control 20230906175656.0
007 - CAMPO FIJO DE DESCRIPCIÓN FÍSICA--INFORMACIÓN GENERAL
campo de control de longitud fija t|
008 - DATOS DE LONGITUD FIJA--INFORMACIÓN GENERAL
campo de control de longitud fija 041222s1945 mx |||| | spa d
080 ## - NÚMERO DE LA CLASIFICACIÓN DECIMAL UNIVERSAL
Número de la Clasificación Decimal Universal 616.89
100 1# - ENTRADA PRINCIPAL--NOMBRE DE PERSONA
Nombre de persona Kretschmer, Ernst (
Fechas asociadas al nombre 1888-1964)
9 (RLIN) 171966
245 10 - MENCIÓN DEL TÍTULO
Título Psicología médica /
Mención de responsabilidad, etc. Ernesto Kretschmer ; versión castellana de Jorge Carrión y Tomás Córdoba ; carta prólogo de Antonio Abaunza.
260 ## - PUBLICACIÓN, DISTRIBUCIÓN, ETC.
Lugar de publicación, distribución, etc. México :
Nombre del editor, distribuidor, etc. Leyenda,
Fecha de publicación, distribución, etc. [1945] (
Fabricante Galatea)
300 ## - DESCRIPCIÓN FÍSICA
Extensión XXIII, 515 p. :
Otras características físicas il. ;
Dimensiones 23 cm.
650 #4 - PUNTO DE ACCESO ADICIONAL DE MATERIA--TÉRMINO DE MATERIA
Término de materia o nombre geográfico como elemento de entrada Psicopatología.
9 (RLIN) 16577
700 1# - ENTRADA AGREGADA--NOMBRE PERSONAL
Nombre de persona Carrión, Jorge.
9 (RLIN) 35801
700 1# - ENTRADA AGREGADA--NOMBRE PERSONAL
Nombre de persona Córdoba, Tomás.
9 (RLIN) 40548
700 1# - ENTRADA AGREGADA--NOMBRE PERSONAL
Nombre de persona Abaunza, Antonio,
9 (RLIN) 17987
852 ## - LOCALIZACIÓN
Ubicación ES-MaACL
Número de control de estantería E-1629
Holdings
Estatus retirado Estado de pérdida Estado de daño No para préstamo Biblioteca de origen Biblioteca actual Ubicación en estantería Fecha de adquisición Fuente de adquisición Total de préstamos Signatura topográfica completa Código de barras Visto por última vez Precio de reemplazo Tipo de ítem Koha
        Biblioteca del Ateneo de Madrid Biblioteca del Ateneo de Madrid Depósito 2 17/01/2008     E-1629 1091365 23/02/2023 23/02/2023 Libro impreso